000 00479nam a2200157 i 4500
001 69405
003 ES-MaACL
005 20230906170519.0
007 t|
008 040705s1965 sp ||||1| spa d
100 1 _aGarcía Brera, Miguel Ángel.
_954292
245 1 0 _aDos historias y una leyenda para niños soñadores /
_cMiguel Angel García Brera.
260 _aCuenca :
_b[s.n.,
_c1965] (
_fImp. Aguirre)
300 _a71 p. ;
_c19 cm.
852 _aES-MaACL
_jC-28299
_bR.56588
999 _c69405
_d69405